LEADER 00959nam a2200241 i 4500 001 000000190425 003 CaOOAMICUS 005 20100615000000.0 008 100615s1970 it u000 u ita u 013 $a168834 040 $aSeMil$bita 100 1 $aGualandi, Armando.$0(OLS)http://semarc/name/38554 245 10$aSanta Maria Goretti /$cArmando Gualandi. 250 $a20. ed. 260 $aModena :$bEdizioni Paoline,$ccopyr. 1970. 300 $a219 p., [8] p. di tav. :$bill. ;$c19 cm. 490 0 $aBiografie di contemporanei ;$v7 600 14$aGoretti, Maria .$0(OLS)http://semarc/subject/21231 830 0$aBiografie di contemporanei ;$v7.$0(OLS)http://semarc/title/6178 850 $aSeMil 852 $aSeMil$W1$xVenegono$y1$m3H I 347$j141044$B141044$CSeMilBibl$Z2$F152671 $81 996 $6245$aSanta Maria Goretti$9(OLS)http://semarc/title/274337 996 $6260$aModena :$bEdizioni Paoline$9(OLS)http://semarc/publisher/40063 LEADER 00829nam a2200205 i 4500 001 000000065895 003 CaOOAMICUS 005 20050715000000.0 008 050715n it u000 u ita u 013 $a37067 040 $aSeMil$bita 245 13$aIl Culto di Maria in sè e nelle sue manifestazioni liturgiche. 300 $aXX, 859 p. 500 $aContiene : Bibliografia. 650 4$aMadonna - Culto.$0(OLS)http://semarc/subject/1204 700 1 $aCampana, Emilio.$0(OLS)http://semarc/name/5149 773 0 $aCampana, Emilio$tMaria nel Culto cattolico.$dTorino ; Roma : Marietti, 1933-$gVolume1$w()10574 850 $aSeMil 852 $aSeMil$W1$xVenegono$y1$m2N II 31 =$j32048$B32048$CSeMilBibl$Z2$F32051 $81 996 $6245$aIl Culto di Maria in sè e nelle sue manifestazioni liturgiche$9(OLS)http://semarc/title/104680